000 00578nam a2200181 a 4500
005 20140412111227.0
008 020415s19uu xx 00 eng d
020 _a0-15-330201-1
050 _aTR(GS 428.6
_bCUL 1989
100 _aCullinan, Bernice E.
245 _aNew friends, Mortimer frog, Mr. Fig :
_bthin, read, and write /
_cBernice E. Cullinan; et al.
250 _aLaureate Ed.
260 _aOrlando :
_bHarcourt Brace Jovanovich, Publishers,
_c1989.
300 _a46 p.
440 _aHBJ Reading Program
650 _aReading
_xStudy and teaching
999 _c102067
_d102067